000 00275nam a2200133 i 4500
001 bg
245 0 _aElektriceskie izmerenija.
260 _aMoskva,
_c1972.
040 _cBPK
041 _apol
080 _a537
942 _cKS
008 s pl f |000 0 pol
999 _c15082
_d15082
856 _uhttp://koha.tu.koszalin.pl/cgi-bin/koha/opac-detail.pl?biblionumber=15082
_yKatalog online BPK